[Event "FIDE-Wch k.o."]
[Site "Moscow"]
[Date "2001.12.01"]
[Round "3.1"]
[White "Lautier, Joel"]
[Black "Khalifman, Alexander"]
[Result "1/2-1/2"]
[WhiteElo "2653"]
[BlackElo "2702"]
[Annotator "Dautov,R"]
[PlyCount "71"]
[EventDate "2001.11.27"]
[EventType "k.o."]
[EventRounds "7"]
[EventCountry "RUS"]
[SourceTitle "CBM 086"]
[Source "ChessBase"]
[SourceDate "2002.02.05"]
[SourceVersion "1"]
[SourceVersionDate "2002.02.05"]
[SourceQuality "1"]

{[%mdl 32768]} 1. d4 Nf6 2. c4 e6 3. Nf3 d5 4. Nc3 Be7 5. Bf4 O-O 6. e3 c5 7.
dxc5 Bxc5 8. Qc2 Nc6 9. a3 Qa5 10. Nd2 Be7 {Eine logische Reaktion auf die
Drohung Nb3.} ({Dem letzten Stand der Theorie nach, führt das scharfe} 10...
Bb4 11. cxd5 exd5 12. Bd3 d4 13. O-O Bxc3 14. Nc4 {zu leichtem Vorteil für
Weiß.}) 11. Bg3 Bd7 12. Be2 Qb6 ({Besser ist m.E.} 12... Rfc8 {,z.B.} 13. O-O
Qd8 14. cxd5 exd5 15. Nf3 Be6 16. Rfd1 Nh5 17. Qb3 Na5 $11 {Nielsen,
P-Schandorff,L/Nyborg 2001}) 13. O-O ({Harmlos wirkt} 13. cxd5 exd5 14. O-O
Rac8 15. Rfd1 Be6 16. Nb3 a6 17. Rac1 Ne4 $11 {Van Wely,L-San Segundo Carrillo,
P/Buenos Aires 1995}) 13... d4 $6 {Dieser logisch aussehende Zug hat einige
Nachteile. Zwar wird die weiße Bauernstruktur etwas verschlechtert, dafür
bekommt der Anziehende freie Hand im Zentrum und auf dem Damenflügel.} 14. Na4
Qd8 15. b4 (15. e4 Rc8 16. e5 d3 17. Bxd3 Nxe5 18. Bxe5 Bxa4 19. b3 Bc6 20.
Rad1 h6 21. Ne4 Nxe4 22. Bxe4 Qa5 $11 {Seul,G-Rabiega,R/Bundesliga 1991}) 15...
dxe3 {Damit leitet Khalifman eine Stellungsvereinfachung ein, erreicht aber
keinen Ausgleich.} ({In Frage kommt deswegen die "Computerfortsetzung"} 15...
Rc8 $5 16. Nb2 (16. b5 Na5 {/\Bb5}) 16... e5 17. Nb3 dxe3 18. fxe3 Qe8 19. Rad1
Ng4 20. Qc3 Bg5 21. Bxg4 Bxg4 $11 {Hansen,L-Comp Deep Blue/Copenhagen 1993})
16. fxe3 Ne5 17. Bxe5 Bxa4 18. Qb2 $14 {Weiß hat das leichtere Spiel, seine
Züge finden sich von selbst: c5, Nc4,Bf3. Schwarz dagegen hat kein aktives
Gegenspiel.} Ne8 19. Bf3 Bc6 (19... Qc8 $5 {/\Bc6}) 20. Bxc6 bxc6 21. c5 {
[%csl Rc6] ><c6} Qd3 22. Qd4 Qxd4 (22... Rd8 23. Qxd3 Rxd3 24. Nc4 $14) 23.
Bxd4 Nf6 24. Nc4 Ne4 25. Rad1 Rfc8 $6 ({Vorsichtiger war} 25... f6) 26. Be5 $1
f6 27. Rd7 $1 $16 Kf8 (27... Bxc5 $2 28. bxc5 Nxc5 29. Re7 fxe5 30. Rff7 $18)
28. Rb7 Rd8 29. Bc7 $6 ({Einfacher und besser war} 29. Na5 $16 {, und Weiß
gewinnt einen Bauern.}) 29... Rd5 (29... Rd3 $5) 30. Na5 Rd7 $1 31. Nxc6 $2 {
Ein Fehler taktischer Natur.} (31. Rb8+ Rxb8 32. Bxb8 Rd3 33. Bxa7 Rxa3 34.
Nxc6 Rxe3 35. Ra1 $16 {führte immer noch zu einem klaren Vorteil.}) 31... Rc8
32. Nd4 Bxc5 $1 $11 (32... Kf7 $2 33. Nb5 a6 34. c6 $16) 33. bxc5 (33. Nxe6+
Ke7 34. Nxc5 Nxc5 35. bxc5 Rcxc7 36. Rxc7 Rxc7 37. Rc1 Kd7 $11) 33... Nxc5 34.
Bd6+ Rxd6 35. Rxa7 e5 36. Nf5 (36. Nf5 Rd7 $11) 1/2-1/2

[Event "FIDE-Wch k.o."]
[Site "Moscow"]
[Date "2001.11.30"]
[Round "2.4"]
[White "Gurevich, Mikhail"]
[Black "Vaganian, Rafael A"]
[Result "1-0"]
[WhiteElo "2605"]
[BlackElo "2650"]
[Annotator "Dautov,R"]
[PlyCount "135"]
[EventDate "2001.11.27"]
[EventType "k.o."]
[EventRounds "7"]
[EventCountry "RUS"]
[SourceTitle "CBM 086"]
[Source "ChessBase"]
[SourceDate "2002.02.05"]
[SourceVersion "1"]
[SourceVersionDate "2002.02.05"]
[SourceQuality "1"]

{[%mdl 32768]} 1. d4 d5 2. c4 e6 3. Nc3 Be7 4. Nf3 Nf6 5. Bf4 O-O 6. e3 Nbd7 7.
Bd3 {Ohne große Ansprüche gespielt. In einer Schnellschachpartie wollte
Gurevich keine theoretische Diskussion (wie z.B. nach 7.c5) anfangen. Sicherer
und chancenreicher ist es, mit Weiß eine übersichtliche Stellung mit leichter
Initiative aufs Brett zu bekommen.} a6 8. a4 dxc4 9. Bxc4 c5 10. dxc5 Bxc5 ({
Nicht weniger gut sieht für Schwarz} 10... Nxc5 {aus, z.B.} 11. Qxd8 (11. Qc2
Qa5 12. O-O Bd7 $11) 11... Rxd8 12. Ke2 Bd7 13. Ne5 Be8 $11) 11. O-O b6 12. Qe2
Bb7 13. Rfd1 Qe7 14. h3 ({Vaganian hatte diese Stellung vor nicht einmal zwei
Monaten auf dem Brett. Nach} 14. Nd4 Rfc8 15. Bg3 Nf8 16. Bd3 Bb4 17. Na2 Bd6
18. e4 Bxg3 19. hxg3 N6d7 20. Qe3 Ne5 21. Be2 Nfd7 $11 {glich er mühelos aus,
Epishin,V-Vaganian,R/BL 2001-2002.}) 14... Rfc8 15. Rac1 Nf8 (15... e5 16. Bg5
$14 h6 $2 17. Rxd7 Qxd7 18. Nxe5 $16) 16. Ne5 Ng6 17. Nxg6 hxg6 18. Be5 {
Das oben genannte Ziel ist erreicht- Weiß hat Dank der Schwäche a6 leichten
Druck bekommen.} Nh5 (18... Bb4 $5 19. Bd4 Bc5 $11) 19. Bh2 Qg5 20. Qg4 {
Mit dem Damentausch wird die gegnerische Aktivität rechtzeitig eingedämmt.}
Qxg4 21. hxg4 Nf6 22. Be2 Kf8 23. g5 Nd5 $2 {Gurevichs umsichtige Taktik zahlt
sich aus, Schwarz wähnt sich in Sicherheit und greift fehl.} ({Notwendig war} 
23... Ne8 $1 24. Rd7 Bc6 $11) 24. Nxd5 Bxd5 25. a5 $1 $16 {Und plötzlich
steckt der Nachziehende in großen Schwierigkeiten, es droht 26.b4.} Bb3 (25...
Ke7 26. Rc3 $1 $16 {/\Rdc1} (26. b4 Bxb4 27. axb6 Rxc1 28. Rxc1 Bd6 $11)) (
25... Ke8 26. b4 Bxb4 27. Rxc8+ Rxc8 28. Bxa6 $16) 26. Rf1 (26. Rd3 $5 Bd5 27.
Rdc3 Re8 28. Bc7 Bb4 29. axb6 Bxc3 30. Rxc3 $16 {/\Bf3}) 26... Ke8 $2 {Danach
wird die schwarze Stellung hoffnungslos.} ({Wohl oder übel, mußte Vaganian} 
26... Bd5 27. b4 (27. Rc3 $5 $16) 27... Bxb4 28. axb6 {zulassen:} Re8 29. Bc7 {
/\Bf3} e5 30. Rfd1 Bb7 31. Rd7 Bc8 32. Rcd1 $1 Bxd7 33. Rxd7 $16) 27. Bf3 $18
Rab8 (27... Bd5 28. Bxd5 exd5 29. b4 Bxb4 30. axb6 $18) 28. Bxb8 Rxb8 29. Rc3 {
Der Rest ist einfach.} Ba4 30. Ra1 Bd7 31. axb6 Bxb6 32. Rxa6 Bd8 33. b3 Bxg5
34. Ra8 Rxa8 35. Bxa8 Kd8 36. Bc6 Bc8 37. b4 Bf6 38. Rc2 Be5 39. b5 Bc7 40. Be8
f6 41. Bxg6 Bd7 42. Bd3 Bb6 43. Kf1 f5 44. Ke2 g5 45. Rc1 g4 46. Rh1 Kc7 47.
Rh7 Kd6 48. Bc4 Bc5 49. Rg7 Bb6 50. Kf1 Bc5 51. e4 Bd4 52. Rg6 Kc5 53. b6 Kxc4
54. b7 Be5 55. exf5 exf5 56. Rg8 f4 57. b8=Q Bxb8 58. Rxb8 Kd5 59. Rb4 Ke5 60.
g3 fxg3 61. fxg3 Kd5 62. Kf2 Kc5 63. Re4 Kd5 64. Ke3 Bf5 65. Re8 Bd7 66. Re7
Kd6 67. Rxd7+ Kxd7 68. Kf4 1-0

[Event "EU-chT (Men) 13th"]
[Site "Leon"]
[Date "2001.11.15"]
[Round "9.1"]
[White "Lautier, Joel"]
[Black "Lutz, Christopher"]
[Result "1-0"]
[WhiteElo "2653"]
[BlackElo "2643"]
[Annotator "Dautov,R"]
[PlyCount "101"]
[EventDate "2001.11.06"]
[EventType "team-swiss"]
[EventRounds "9"]
[EventCountry "ESP"]
[SourceTitle "CBM 086"]
[Source "ChessBase"]
[SourceDate "2002.02.05"]
[SourceVersion "1"]
[SourceVersionDate "2002.02.05"]
[SourceQuality "1"]
[WhiteTeam "France"]
[BlackTeam "Germany"]
[WhiteTeamCountry "FRA"]
[BlackTeamCountry "GER"]

{[%mdl 32768]} 1. d4 Nf6 2. c4 e6 3. Nf3 d5 4. Nc3 Be7 5. Bf4 O-O 6. e3 Nbd7 7.
c5 c6 8. Bd3 b6 9. b4 a5 10. a3 Ba6 11. O-O Qc8 12. h3 Qb7 (12... Bxd3 13. Qxd3
Qb7 14. Rfc1 h6 15. Qc2 Rfc8 16. Rab1 axb4 17. axb4 Ra7 18. Na4 b5 19. Nc3 Rca8
20. Nd2 Bd8 21. Nb3 Bc7 22. Bxc7 Qxc7 23. f4 $2 (23. f3 $142) 23... Ne4 $1 24.
Nxe4 dxe4 25. Qxe4 Nf6 26. Qe5 Nd5 $17 {Dautov,R-Kasimdzhanov,R/Essen2001}) 13.
Qc2 Bxd3 14. Qxd3 Ra7 15. Rab1 $146 {Lautier versucht, das frühere Spiel von
Weiß zu verbessern.} (15. Rfc1 axb4 16. axb4 Rfa8 17. Rab1 b5 18. Qc2 $6 (18.
Nd2 $1) 18... Bd8 19. Qd1 Bc7 20. Bxc7 Qxc7 21. Ra1 Ne4 $1 22. Nxe4 dxe4 23.
Rxa7 Qxa7 $15 {Galego,L-Vaganian,R/Ohrid 2001}) (15. cxb6 Nxb6 16. bxa5 Rxa5
17. Rfb1 Qa7 18. Ne5 Rc8 $11) 15... axb4 16. axb4 Rfa8 17. Nd2 Ra3 (17... Bd8
$5) 18. Qc2 h6 19. Rb2 Bd8 20. Rc1 bxc5 $6 {Dieser Zug ist die Ursache für die
späteren Probleme von Schwarz. Die Öffnung der b-Linie legt die Schwäche c6
bloß und erleichtert das weiße Spiel. Besser wäre die Schließung der Stellung
mit b6-b5 mit dem weiteren Läufertausch von c7, siehe z.B. Dautov-Kasimdzhanov.
} (20... Bc7 $2 21. Ncb1 {><c6} R3a6 22. b5 $16) (20... b5 21. Nb3 R3a7 $11 {
/\Bc7}) 21. bxc5 Qa6 22. Rb3 Ne8 23. Rxa3 Qxa3 24. Nb3 Qb4 25. Rb1 Bf6 ({
Der Läuferabtausch vermag zwar nicht den weißen Druck abschütteln, hätte aber
die schwarze Verteidigung einfacher gemacht:} 25... Bc7 $1 26. Bxc7 Nxc7 27.
Nd2 (27. Nc1 $5 Qc4 28. Qd3 $14) 27... Qa5 28. Rb7 Ra7 29. Nb3 Qa6 30. Rxa7
Qxa7 31. Qa2 $1 Qxa2 (31... Qb7 32. Qa4 $14) 32. Nxa2 Na6 33. Na5 Ndb8 $14) 26.
Ne2 h5 (26... e5 27. dxe5 Bxe5 28. Nbd4 $14) 27. Nd2 Qa5 28. Nf3 $14 Bd8 29.
Bg5 Bc7 (29... Bxg5 30. Nxg5 Nef6 31. Nf4 $36 {/\Nxh5}) 30. Bf4 Bd8 31. Nc1 Nc7
32. Rb7 Ra7 33. Rxa7 Qxa7 34. Nd3 Qb7 35. Qa4 Na6 (35... Qb5 36. Qxb5 Nxb5 37.
Nfe5 Nxe5 38. Nxe5 Na7 39. Nd3 $14) 36. Nd2 g5 37. Bd6 h4 38. f3 Kg7 39. Kf2
Kh7 40. e4 Kg8 41. Ke2 Kg7 42. Ke3 Kg8 43. Nb3 $16 {/\Na5 Weiß hat seine
Stellung nach und nach verbessern können. Mit den nächsten Springermanövern
zwingt er den Gegner zu nahezu vollständiger Passivität.} Nab8 44. Nb4 Kg7 45.
Nc1 $1 {/\Nd3-e5} dxe4 46. fxe4 f5 47. e5 g4 $6 {Nun wird f4 zu einem
Einbruchsfeld. Aber guter Rat war Schwarz teuer. So droht die Überführung des
c1-Springers auf c4 mit dem folgenden Bxb8 und Nc4-d6.} 48. Ncd3 Bg5+ 49. Ke2
gxh3 (49... g3 50. Kf3 Kf7 51. Nf4 Bxf4 52. Kxf4 $16 Kg6 53. Qb3 Kf7 54. Kg5
Na6 55. Qd1 $18) 50. gxh3 Kh6 $2 (50... Kf7 $16) 51. Qa2 1-0

[Event "Montreal 4th"]
[Site "Montreal"]
[Date "2003.07.24"]
[Round "2"]
[White "Onischuk, Alexander"]
[Black "Barsov, Alexei"]
[Result "1/2-1/2"]
[WhiteElo "2657"]
[BlackElo "2526"]
[Annotator "Dautov,R"]
[PlyCount "81"]
[EventDate "2003.07.23"]
[EventType "tourn"]
[EventRounds "11"]
[EventCountry "CAN"]
[EventCategory "11"]
[SourceTitle "CBM 097"]
[Source "ChessBase"]
[SourceDate "2003.11.11"]
[SourceVersion "1"]
[SourceVersionDate "2003.11.11"]
[SourceQuality "1"]

{[%mdl 32768]} 1. d4 e6 2. c4 d5 3. Nc3 Be7 4. Nf3 Nf6 5. Bf4 O-O 6. e3 c5 7.
dxc5 Bxc5 8. a3 Nc6 9. Qc2 Qa5 10. Nd2 Be7 11. Bg3 Qb6 12. Be2 d4 13. Na4 Qd8
14. O-O dxe3 15. fxe3 Bd6 16. Bh4 $146 {Onishchuk verbessert seine Partie
gegen Lautier - mit Weiß!} (16. Bxd6 Qxd6 17. c5 Qc7 18. b4 Ne5 19. h3 Bd7 20.
Nc3 Rad8 21. Rac1 Ng6 22. Nc4 b6 23. Ne4 Nxe4 24. Qxe4 Bc6 25. cxb6 $6 Qb7 26.
Qg4 axb6 27. Rfd1 Bd5 $15 {Lautier,J-Onischuk,A/Moscow 2002}) (16. Bh4 Qc7 17.
h3 (17. Bxf6 Bxh2+ 18. Kh1 gxf6 19. Rxf6 Be5 $15) 17... Be7 $11 {/\Ng4}) 16...
Qc7 17. Kh1 (17. Bxf6 Bxh2+ 18. Kh1 gxf6 19. Rxf6 Be5 $15) (17. h3 Be7 $11 {
/\Ng4}) (17. Bxf6 Bxh2+ 18. Kh1 gxf6 19. Rxf6 Be5 $15) 17... Be7 {/\Ng4 Barsov
strebt weiterhin den Abtausch der schwarzfeldrigen Läufer.} ({Die
durchsichtige Falle} 17... Bxh2 $2 18. Rxf6 $1 gxf6 19. g3 $16 {entdeckte
Schwarz ohne Mühe.}) (17... Nd7 18. Ne4 Bxh2 $2 19. g3 $16) 18. Bg3 ({In Frage
kam} 18. b4 $5 Ng4 19. Bg3 e5 20. Qc3 $13) 18... Bd6 19. Bxd6 Qxd6 20. c5 {
Als Folge seiner Verbesserung gewann Weiß ein Tempo für das prophylaktische
Kg1-h1. Bei der Einschätzung der Stellung dürfte sich dies allerdings kaum
auswirken.} Qc7 21. b4 Ne5 22. Ne4 {Lautier spielte an dieser Stelle h2-h3.}
Neg4 $6 {Nach dieser Ungenauigkeit gerät Schwarz unter Druck. Agressiver und
besser war 22...Nfg4.} (22... Nfg4 23. Qc3 (23. Ng5 $2 f5 24. Qb3 Nxh2 25. Nxe6
Qf7 $17) 23... Nxh2 24. Rf4 Nhg4 25. Bxg4 Nxg4 26. Rxg4 f5 27. Rf4 fxe4 28.
Rxf8+ Kxf8 29. Rf1+ Kg8 30. Qd4 Bd7 31. Nc3 Bc6 32. Nxe4 Bxe4 33. Qxe4 Qd7 $11)
23. Nxf6+ Nxf6 24. Nc3 $14 Bd7 25. Rad1 Rfd8 (25... b6 26. Qd2 (26. Bf3 Rac8
$11) 26... Rad8 27. Qd6 Qc8 28. Qg3 $14) 26. Rd6 Bc6 (26... b6 27. Ne4 Nxe4 28.
Qxe4 bxc5 29. bxc5 Be8 30. Rfd1 $16) 27. Rfd1 Rxd6 28. cxd6 Qb6 29. Qd3 a6 {
Der weiße Freibauer sieht sehr eindrucksvoll aus, dennoch erweist sich die
schwarze Stellung als recht resistent.} 30. Bf3 $6 {Nach dem Abtausch der
Läufer errreicht Weiß nichts. Stattdessen könnte er versuchen, mittels 30.e4!?
neue Schwächen (e5 und f7) im gegnerischen Lager zu kreieren.} (30. Qd4 Qxd4
31. Rxd4 e5 32. Rd1 Kf8 $11) (30. e4 $5 {/\e5} e5 $2 (30... Rc8 $1 31. Qf3 (31.
e5 Qf2 $132) 31... e5 $1) 31. Qg3 Re8 32. Bc4 Nxe4 33. Nxe4 Bxe4 34. d7 Rd8 35.
Qxe5 $16) 30... Rd8 31. Bxc6 Qxc6 $11 {Der Bauer d6 ist nun sehr schwach.} 32.
b5 $2 axb5 33. Nxb5 Ng4 34. Kg1 Nxe3 35. Qxe3 Qxb5 $15 36. h3 h6 37. Qd4 Rd7
38. Rc1 Qd5 (38... Qg5 $1 39. Rd1 $15) 39. Qxd5 exd5 40. Rc7 Rxd6 41. Rxb7
1/2-1/2

[Event "Bundesliga 0405"]
[Site "Germany"]
[Date "2005.02.12"]
[Round "10.4"]
[White "Kalinitschew, Sergey"]
[Black "Vaganian, Rafael A"]
[Result "1/2-1/2"]
[WhiteElo "2533"]
[BlackElo "2640"]
[Annotator "Dautov,R"]
[PlyCount "103"]
[EventDate "2004.11.12"]
[EventType "team-tourn"]
[EventRounds "15"]
[EventCountry "GER"]
[SourceTitle "CBM 106"]
[Source "ChessBase"]
[SourceDate "2005.06.06"]
[SourceVersion "1"]
[SourceVersionDate "2005.06.06"]
[SourceQuality "1"]
[WhiteTeam "Kreuzberg"]
[BlackTeam "Porz"]
[WhiteTeamCountry "GER"]
[BlackTeamCountry "GER"]

1. d4 d5 2. c4 e6 3. Nc3 Be7 4. Nf3 Nf6 5. Bf4 O-O 6. e3 Nbd7 7. cxd5 {Mit
diesem Abtausch errreicht Weiß die s.g. Karsbader Bauernstruktur und geht
gleichzeitig der theoretischen Diskussion nach 7.c5 oder 7.a3 aus dem Weg.}
Nxd5 $1 {Schwarz tauscht gerne ein Springerpaar ab, um seine Verteidigung auf
dem Damenflügel zu erleichtern.} (7... exd5 8. Bd3 $14) 8. Nxd5 exd5 9. Bd3 c6
{In Frage kommt auch das Schach auf b4.} (9... Bb4+ 10. Nd2 Nf6 11. O-O Bd6 12.
Bxd6 (12. Bg5 $5) 12... Qxd6 13. Qb3 Re8 14. Rfc1 c6 15. Rc3 a5 16. Rb1 g6 17.
Qc2 Kg7 18. a3 a4 $11 {Hansen,C-Spassky,B/Malmo 1998}) 10. O-O Re8 11. Qc2 $6 {
Sergey behandelt die Stellung zu bescheiden. Weiß sollte stattdessen schnell
b2-b4 ziehen.} (11. Qb1 Nf8 12. b4 a6 13. Rc1 Bg4 14. Ne5 Be6 $6 (14... Bh5 $1
15. Qb3 f6 16. Nf3 Bxf3 17. gxf3 Bd6 18. Bg3 $13) 15. Bg3 f6 16. Nf3 Bf7 17.
Qb3 Bd6 18. a4 Bxg3 19. hxg3 Qb6 20. Rab1 Ne6 21. Qc2 (21. b5 axb5 22. axb5 c5
$11) 21... g6 22. Nd2 $1 Rec8 23. Nb3 $1 Qd8 24. Nc5 $14 {Pirc,V-Vidmar,M/
Opatija 1953}) (11. b4 a6 12. a4 (12. Rb1 Nf8 13. Nd2 Be6 14. a4 Rc8 15. Rb2
Qd7 16. Qb1 b5 17. Rc1 Ra8 18. Qc2 Rec8 19. a5 $14 {Bagheri,A-Delaunay,S/
France 2003}) 12... Qb6 13. Rb1 Nf8 14. Qb3 Be6 15. Ng5 Bg4 $1 16. h3 Bh5 17.
b5 axb5 18. axb5 h6 19. Nf3 Bxf3 20. gxf3 Ra3 21. Qc2 c5 $11 {Ivanov,S-Kalinin,
O/Bydgoszcz 1990}) 11... Nf8 12. Rab1 a5 $1 {[%mdl 32] Aus dem typischen
Minderheitsangriff wird nun nichts.} 13. a3 a4 14. h3 Ng6 15. Bg3 Bd6 16. Bxd6
Qxd6 $11 {Schwarz hat eine bequeme Stellung erreicht.} 17. Bf5 $2 {Der
Abtausch der Läufer erleichtert Schwarz das Spiel auf dem Königsflügel. Weiß
sollte sich für die typische Remisschaukel nach 17.Rfe1 entscheiden.} (17. Rfe1
{/\e4} Qf6 18. Kh2 $1 Qd6+ 19. Kg1 $11) 17... Bxf5 18. Qxf5 Re4 $1 {/\Ne7} 19.
Nd2 Re6 20. Qd3 Rae8 (20... Nh4 21. g3 $1 Rg6 22. e4 Qe6 23. Kh2 dxe4 24. Nxe4
Nf5 $15) 21. b4 $6 (21. Nf3 $5 Rf6 22. Qd1 $15) 21... Nh4 $1 $40 22. Kh1 (22.
g3 $2 Rxe3 $1 $19) 22... Rh6 (22... Rg6 23. Rg1 Qf6 24. Rbf1 Rh6 25. e4 $15)
23. Rg1 $2 {Nach diesem Fehler wird Kalinitschew Material verlieren. Notwendig
war 23.Rbe1, um das Gegenspiel im Zentrum zu starten.} (23. Rbe1 Qf6 24. e4 Qg5
25. Rg1 Rhe6 $15) 23... Qe6 $17 24. Nf1 (24. g4 f5 25. g5 Rh5 $17 {/\Ng6, f4})
24... Nf3 $1 $19 25. Nh2 Nxg1 26. Kxg1 Rg6 {Schwarz steht natürlich auf Gewinn,
aber die Umsetzung des Vorteils ist wegen des geschlossenen Charakters der
Stellung nicht leicht.} (26... Qe4 $5 27. Qxe4 dxe4 $19) 27. Nf3 Qc8 {In den
nächsten Zügen versucht Vaganian, mit dem Angriff auf den weißen König zu
gewinnen, anstatt sich mit der allmählichen technischen Realisierung seiner
Mehrqualität zu abzufinden.} (27... f6 $5) 28. Rc1 Re4 29. Kf1 h6 30. b5 Rf6
31. Qc2 Qa8 (31... Rxf3 32. gxf3 Qxh3+ 33. Ke2 Re6 34. Qxa4 Rf6 35. f4 $15) 32.
Ne5 {Weiß hat bereits Gegenspiel, deswegen opfert Vaganian die Qualität zurück.
} Rxe3 $5 (32... cxb5 33. Qc8+ Qxc8 34. Rxc8+ Kh7 35. Nd7 Rc6 36. Rb8 h5 37.
Rxb7 Rc3 38. Rxb5 Rxa3 39. Rxd5 $17) 33. Ng4 Ree6 34. Nxf6+ Rxf6 35. Re1 Re6 $6
(35... cxb5 $1 36. Qc5 Qa6 $17) 36. Rxe6 fxe6 37. Qg6 Qc8 $6 (37... cxb5 38.
Qxe6+ Kh8 39. Qxd5 b4 40. axb4 a3 41. Qa2 Qa4 $17) 38. b6 $1 Qd8 $2 {Danach
ist das Damenendspiel nicht mehr zu gewinnen, während 38...Qd7! sie noch
intakt hielt.} (38... Qd7 $1 39. Qg3 Qe7 40. Kg1 (40. Qc7 $2 Qxa3 41. Qxb7 Qc1+
$19) (40. Qb8+ $2 Kh7 41. Kg1 Qxa3 42. Qxb7 Qb2 $19) 40... e5 $1 41. dxe5 Qg5
$17) 39. Qxe6+ Kh8 40. g4 $11 Qxb6 41. Qc8+ Kh7 42. Qf5+ Kg8 43. Qc8+ Kf7 44.
Qf5+ Ke7 45. Qe5+ Kd8 46. Qxg7 Qb1+ 47. Kg2 Qe4+ 48. f3 Qe2+ 49. Kg3 Qe1+ 50.
Kg2 Qe2+ 51. Kg3 Qe1+ 52. Kg2 1/2-1/2

[Event "Abu Dhabi op 13th"]
[Site "Abu Dhabi"]
[Date "2003.08.19"]
[Round "4"]
[White "Jobava, Baadur"]
[Black "Lputian, Smbat G"]
[Result "1/2-1/2"]
[WhiteElo "2596"]
[BlackElo "2623"]
[Annotator "Dautov,R"]
[PlyCount "52"]
[EventDate "2003.08.16"]
[EventType "swiss"]
[EventRounds "9"]
[EventCountry "UAE"]
[SourceTitle "CBM 097"]
[Source "ChessBase"]
[SourceDate "2003.11.11"]
[SourceVersion "1"]
[SourceVersionDate "2003.11.11"]
[SourceQuality "1"]

1. d4 d5 2. c4 e6 3. Nc3 Be7 4. Nf3 Nf6 5. Bf4 O-O 6. e3 Nbd7 7. c5 c6 8. Bd3
b6 9. b4 a5 10. a3 (10. b5 Bb7 11. bxc6 Bxc6 12. cxb6 Nxb6 13. O-O Nfd7 14. Qc2
h6 15. Nb5 Bxb5 16. Bxb5 $14 {Dreev-Georgiev,Kir/Dubai 2002}) 10... Ba6 11. b5
Bb7 $146 {Der Zug ist neu und nicht schlecht, Schwarz erreicht auf diese Weise
eine ausgeglichene Stellung. Aber auch die Theoriefortsetzung 11...cxb5 gilt
als sehr befriedigend für Schwarz.} (11... cxb5 12. c6 Qc8 13. Rc1 (13. Nxb5
Qxc6 14. Rc1 Bxb5 15. Rxc6 Bxc6 16. Qb3 (16. a4 $2 Bb4+ 17. Ke2 Ne4 $15 {
Zschaebitz,K-Stark,W/Berlin 2000}) 16... b5 $11) 13... Qxc6 14. Ne2 Nc5 15.
dxc5 bxc5 16. a4 b4 17. Ned4 Qb7 18. Bxa6 Rxa6 $15 {Sokolov,I-Spassky,B/Malmo
1998}) 12. cxb6 Qxb6 {Besser gefällt mir 12...Nxb6 analog der Partie Dreev-Kir.
Georgiev (s. 10.b5).} (12... Nxb6 13. bxc6 Bxc6 14. O-O Rc8 $11) 13. O-O (13.
bxc6 Bxc6 $11) 13... a4 $5 {Jobava sichert ein schönes Feld a5 für seine Dame.}
14. Nxa4 Qa5 15. Nc5 $2 {Lputian wählt nicht die beste Fortsetzung.} ({Nach} 
15. bxc6 Bxc6 16. Nb2 $1 {hätte Schwarz sehr genau spielen müssen, um das
Gleichgewicht zu halten:} Qc3 (16... Qb6 17. Rb1 Bxa3 18. Nc4 Qa7 19. Nxa3 Qxa3
20. Ra1 $14) 17. Qc1 Qxc1 18. Rfxc1 Rxa3 19. Rxa3 Bxa3 20. Rxc6 Bxb2 21. Rc7
$14) 15... Nxc5 16. bxc6 Bxc6 $11 17. dxc5 Ba4 18. Qb1 Rfc8 19. Rc1 Rxc5 20.
Qb7 Qa7 21. Qxa7 Rxa7 22. Rxc5 Bxc5 $15 {Schwarz steht bereits besser. Im
weiteren Partieverlauf könnte er risikolos auf Gewinn spielen, allerdings ohne
sich große Hoffnungen zu machen.} 23. Rc1 Nd7 (23... Bxa3 24. Rc8+ Bf8 25. Bd6
Be8 $15) 24. Ne5 Bxa3 25. Ra1 f6 26. Bg3 (26. Rxa3 fxe5 27. Bg3 e4 28. Be2 Ra8
$15 {/\Bc6}) 26... Nc5 (26... Bc5 27. Rxa4 $1 Nxe5 28. Rxa7 Bxa7 29. Bxe5 fxe5
$11) (26... Nc5 27. Rxa3 fxe5 28. Bxe5 Nxd3 29. Rxd3 $11) 1/2-1/2